000
00448nam a2200181Ia 4500
008
090124s9999 xx 000 0 und d
082
_b
14067
_a
1656
100
_a
गोरे ना.ग.
245
_a
मेघदूत
250
_a
1
260
_c
1964
300
_a
67
600
_a
गोरे ना.ग.
630
_a
मेघदूत
700
_a
गोरे ना.ग.
730
_a
मेघदूत
942
_c
BOOK
999
_c
128007
_d
128007